01490nam a22001457a 4500008004100000020001500041050002200056100001900078245004200097260004700139300003400186500003600220505106800256700002001324180417b xxu||||| |||| 00| 0 eng d a1575211203 aQA 76.73. V27 B76 aBrophy, Keith. aTeach yourself VBscript in 21 days. / aIndianapolis:bSam. net publishing;c1996. axxviii, 679p. : ill .:c24cm. aIt includes appendix and index. aContents: Introduction: Week 1 at a glance: Day 1: Introducing VBScript and the World Wide Web -- 2: The essence of VBScript -- 3: Extending the power of web pages with VBScript -- 4: Creating variables in VBScript 5: Putting operators to work in VBScript -- 6: Controlling the flow of VBScript code -- 7: Building a home for your code -- Week 2 at a glance: Day 8: Intrinsic HTML form controls -- 9: More intrinsic HTML form controls 10: An introduction to objects and activeX controls -- 11: More ActiveX controls -- 12: Advanced objects: ActiveX, Java, and Active VRML -- 13: VBScript standards and conventions -- 14: Working with documents and user interface functions -- Week 3 at a glance: 15: Extendig your web pages with strings -- 16: Extending your web pages with dates and advanced math -- 17: Exterminating bugs from your script -- 18: Advanced user interface and browser object techniques -- 19: Dynamic page flow and server submittal -- 20: Porting between visual Basic and VBScript -- 21: Security, Stability, and distributed source control issues. aKoets, Timothy.